Giải quyết tranh chấp hợp đồng tín dụng bằng phương thức tố tụng tòa án : Luận văn Thạc sĩ Luật học chuyên ngành Luật kinh tế

Đề tài nghiên cứu lý luận chung về hợp đồng tín dụng và tranh chấp hợp đồng tín dụng, tình hình giải quyết các tranh chấp hợp đồng tín dụng bằng phương thức tố tụng tòa án, những khó khăn hạn chế và giải pháp đề xuất....

Volledige beschrijving

Bewaard in:
Bibliografische gegevens
Hoofdauteur: Lê, Ngọc Lam Điền
Formaat: Boek
Taal:Undetermined
Gepubliceerd in: Cần Thơ Trường Đại học Cần Thơ 2014
Onderwerpen:
Tags: Voeg label toe
Geen labels, Wees de eerste die dit record labelt!
Thư viện lưu trữ: Trung tâm Học liệu Trường Đại học Cần Thơ
LEADER 01220nam a2200229Ia 4500
001 CTU_191703
008 210402s9999 xx 000 0 und d
082 |a 347.597 
082 |b Đ305 
088 |a 60380107 
100 |a Lê, Ngọc Lam Điền 
245 0 |a Giải quyết tranh chấp hợp đồng tín dụng bằng phương thức tố tụng tòa án : 
245 0 |b Luận văn Thạc sĩ Luật học chuyên ngành Luật kinh tế 
245 0 |c Lê Ngọc Lam Điền ; Dư Ngọc Bích (Hướng dẫn khoa học) 
260 |a Cần Thơ 
260 |b Trường Đại học Cần Thơ 
260 |c 2014 
520 |a Đề tài nghiên cứu lý luận chung về hợp đồng tín dụng và tranh chấp hợp đồng tín dụng, tình hình giải quyết các tranh chấp hợp đồng tín dụng bằng phương thức tố tụng tòa án, những khó khăn hạn chế và giải pháp đề xuất. 
650 |a Tố tụng dân sự,Civil procedure 
650 |z Việt Nam,Vietnam 
910 |a Hải 
980 |a Trung tâm Học liệu Trường Đại học Cần Thơ